000 00258nam a2200109Ia 4500
005 20251222154359.0
008 251222s9999||||xx |||||||||||||| ||spa||
082 _a156.5/C28
100 _a"Carthy, J.D."
245 0 _aLa conducta de los animales
942 _cLIB
999 _c35221
_d35221